| 000 | 00356nam a2200145Ia 4500 | ||
|---|---|---|---|
| 008 | 210210b1978 xxu||||| |||| 00| 0 eng d | ||
| 082 | _a823.8 BALC | ||
| 100 | _aBALLANTHYNE (R M). | ||
| 245 | _aCoral island. | ||
| 260 |
_aBangalore _bS. Chand & Co. Ltd. _c1978 |
||
| 300 | _a323 | ||
| 650 | _aCoral Island | ||
| 690 | _aEnglish Fiction | ||
| 906 | _a040397 | ||
| 999 |
_c90193 _d90193 |
||